| 000 | 00986cab a2200193 4500 | ||
|---|---|---|---|
| 001 | ##L133767 | ||
| 008 | 060608n2006 000 0 eng u | ||
| 035 | _a(Sirsi) u133767 | ||
| 041 | 0 | _aeng | |
| 100 | 1 | _aMann, Will | |
| 245 | 0 | 0 | _aCan construction save the planet? |
| 260 | _c2006 | ||
| 490 | 0 |
_aContract Journal _v433(6578) 7 June 2006, 26-29(4) |
|
| 520 | _aArgues that sustainability has moved to the top of the agenda in the construction industry, driven by a number of factors, including legislation and regulation, PFI, and client expectations. In response, developers and contractors are embracing the concept of corporate social responsibility, putting strong emphasis on supply chain management, including the drawing up of environmental management systems by subcontractors and better waste management. | ||
| 590 | _aIKA200606 NTK | ||
| 651 | 4 |
_aUnited Kingdom _y |
|
| 690 | _aENVIRONMENTAL AND LAND CONSULTANCY-SUSTAINABILITY-SUSTAINABLE DEVELOPMENT | ||
| 942 | _n0 | ||
| 999 |
_c77197 _d77197 |
||